| 000 | 00490nam a2200193Ia 4500 | ||
|---|---|---|---|
| 005 | 20250423095718.0 | ||
| 008 | 250422s9999 xx 000 0 und d | ||
| 020 | _a9780205419289 | ||
| 050 | _aRJ 131 .B47/ | ||
| 100 | _aBerk, Laura E. | ||
| 245 | 0 | _aInfants, children, and adolescents | |
| 250 | _a5th ed. | ||
| 260 | _aUnited State | ||
| 260 | _bPearson | ||
| 260 | _c2005 | ||
| 300 | _a639 p | ||
| 650 | _aChild development. Infants--Development. Adolescence. | ||
| 942 | _cBK | ||
| 999 |
_c31105 _d31105 |
||